Statistics for Really Bad flags.

Click here to take the quiz!

General Stats

  • This quiz has been taken 17 times
  • The average score is 7 of 11

Answer Stats

Answer% Correct
Indonesia/Monaco
92%
Republic of Cyprus
92%
Illinois, USA
83%
Turkmenistan
83%
Pocatello
75%
Central African Republic
67%
Proposed European Union
67%
Tampa, Florida
67%
Sicily, Italy
58%
Calgary, Alberta
25%
River Gee County, Liberia
8%

Score Distribution

Percentile by Number Answered

Percent of People with Each Score

Your Score History

You have not taken this quiz